Electrodynamics of solids:Optiacal Properties of electrons in matter. (Record no. 5697)

MARC details
000 -LEADER
fixed length control field 00548nam a22001937a 4500
003 - CONTROL NUMBER IDENTIFIER
control field OSt
005 - DATE AND TIME OF LATEST TRANSACTION
control field 20170320191626.0
008 - FIXED-LENGTH DATA ELEMENTS--GENERAL INFORMATION
fixed length control field 170320b xxu||||| |||| 00| 0 eng d
020 ## - INTERNATIONAL STANDARD BOOK NUMBER
International Standard Book Number 0521597269
040 ## - CATALOGING SOURCE
Transcribing agency DDC.
082 ## - DEWEY DECIMAL CLASSIFICATION NUMBER
Classification number 530.4ELE 2002.
100 ## - MAIN ENTRY--PERSONAL NAME
Personal name Dressel,Martin;
9 (RLIN) 11863
245 ## - TITLE STATEMENT
Title Electrodynamics of solids:Optiacal Properties of electrons in matter.
260 ## - PUBLICATION, DISTRIBUTION, ETC. (IMPRINT)
Place of publication, distribution, etc. Cambridge:
Name of publisher, distributor, etc. Cambridge University Press.
Date of publication, distribution, etc. 2002.
300 ## - PHYSICAL DESCRIPTION
Extent xii,474p;
Other physical details ill:
Dimensions 26cm.
504 ## - BIBLIOGRAPHY, ETC. NOTE
Bibliography, etc includes index.
650 ## - SUBJECT ADDED ENTRY--TOPICAL TERM
Topical term or geographic name as entry element physics.
9 (RLIN) 809
942 ## - ADDED ENTRY ELEMENTS (KOHA)
Source of classification or shelving scheme Dewey Decimal Classification
Koha item type Open Shelf
Holdings
Withdrawn status Lost status Source of classification or shelving scheme Damaged status Not for loan Home library Current library Date acquired Source of acquisition Inventory number Total Checkouts Full call number Barcode Date last seen Price effective from Koha item type
    Dewey Decimal Classification     MUST Main Library MUST Main Library 20/03/2017   03/18726   530.4ELE 2002. 2017-0423 20/03/2017 20/03/2017 Open Shelf